Paroles "Le téléphone pleure" - Claude François et Frédérique - Statistiques

Statistiques générales
  • Ce quiz a été pris 356 fois
  • Le résultat moyen est 288 sur 352
Statistiques - réponses
Paroles % Correct
à
99%
a
99%
est
99%
le
99%
Le
99%
la
98%
98%
ma
98%
m'a
98%
maman
98%
que
98%
de
97%
Il
97%
il
97%
je
97%
Je
97%
lui
97%
pas
97%
toi
97%
elle
96%
Elle
96%
si
96%
Si
96%
Allô
95%
c'est
95%
C'est
95%
dernière
95%
fois
95%
mon
95%
monsieur
95%
pour
95%
dire
94%
Dis
94%
dis
94%
faut
94%
pleure
94%
près
94%
quelqu'un
94%
téléphone
94%
ne
93%
ta
93%
Et
92%
me
92%
tu
92%
Tu
92%
dans
90%
va
90%
dit
89%
suis
89%
t'en
89%
Écoute
88%
moi
88%
quand
87%
Quand
87%
se
87%
Ah
86%
bain
86%
important
86%
mais
86%
Mais
86%
oui
86%
Oui
86%
son
86%
attend
85%
Les
85%
les
85%
non
85%
qu'elle
85%
sais
85%
connais
84%
au
83%
Au
83%
crois
83%
raccroche
83%
as
82%
fait
82%
j'ai
82%
parlé
82%
prie
82%
jamais
81%
mots
81%
Dis-lui
80%
dis-lui
80%
t'ai
80%
tout
80%
y
80%
âge
79%
ans
79%
avec
79%
cinq
79%
enfant
79%
vais
79%
comme
78%
des
78%
Oh
78%
qui
78%
ton
78%
vient
78%
voix
78%
papa
77%
pouvoir
77%
t'aime
77%
chercher
75%
l'écouteur
75%
mal
75%
meurent
75%
six
75%
bien
74%
comment
73%
tes
73%
toujours
73%
bas
72%
Car
72%
chose
71%
depuis
71%
quelque
71%
toute
71%
toutes
71%
venir
71%
grands
70%
leçons
70%
leur
70%
revoir
70%
signes
70%
aime
69%
alors
69%
maison
69%
partie
69%
vous
67%
autres
66%
chaque
66%
crie
66%
petite
66%
pis
66%
s'en
66%
tant
66%
vu
66%
pleures
65%
soir
65%
sur
65%
ont
64%
Beau-Rivage
63%
l'hôtel
63%
aimes
62%
Apprends-tu
62%
plage
62%
signature
62%
carnet
61%
nous
61%
vacances
61%
voisine
61%
Bon
60%
été
59%
celles
58%
peine
58%
travaille
58%
l'école
57%
qu'une
55%
deux
54%
Aimes-tu
53%
aux
53%
Sainte-Maxime
52%
nager
51%
restes
51%
insiste
49%
pourquoi
49%
prochaines
49%
Combien
48%
hein?
48%
d'un
46%
maintenant
46%
Raconte-moi
46%
baigner
45%
fond
45%
connaissais
44%
m'emmène
44%
fais
43%
j'adore
43%
serai
43%
train
43%
retiens-la
42%
Seras-tu
42%
t'as
42%
avant
41%
demain
41%
Pourtant
41%
Allons
39%
changé
39%
donc
35%
qu'est-ce
35%
croire
27%
écoute-moi
25%
Aucun quiz correspondant
Distribution des résultats
% des personnes avec chaque résultat
Percentile par nombre de réponses
Votre historique - résultats
Vous n’avez pas pris ce quiz